Revolutionary Movements by Clue #1 - Statistics

General Stats
  • This quiz has been taken 17 times
    11 since last reset
  • The average score is 7 of 8
Answer Stats
Start Year Clue Answer % Correct
1776 A country's colonies declared independence from British rule, leading to the formation of a new nation. American Revolution
100%
1959 This revolution in a Caribbean nation led to the establishment of a communist government. Cuban Revolution
100%
1789 This late 18th-century revolution is famous for its key figures like Robespierre and the execution of a certain king. French Revolution
100%
1979 This revolution saw the overthrow of the monarchy and the establishment of an Islamic Republic. Iranian Revolution
100%
1917 This event led to the rise of the world's first communist state. Russian Revolution
100%
1966 This cultural and political upheaval aimed to enforce communism by removing capitalist and traditional elements in society. Cultural Revolution (China)
67%
1989 This peaceful revolution led to the split of a country into two separate nations. Velvet Revolution (Czechoslovakia)
67%
1974 This 1974 non-violent coup ended decades of dictatorship in a Southern European country. Carnation Revolution (Portugal)
56%
No matching quizzes found
Score Distribution
Percent of People with Each Score
Percentile by Number Answered
Your Score History
You have not taken this quiz since the last reset